00705nam a2200193 a 450000100060000000300090000600800410001502000150005604000280007108200130009924500270011226000320013930000110017150502430018265000160042565000240044165000220046565000240048719790CO-ViMGA141112s2004 ck r 000 u spa d a8480555491 aCO-ViMGAbspacCO-ViMGA04a630 T32410aTecnico en agricultura aMadrid : bCultural, c2002 a3 Vol. aTomo 1 : Agrotecnología Metodos de manejo integrado de plagas y enfermedades Instalaciones agrarias Producción vegetal Cultivos horticolas Cultivos de cereales y plantaciones intensivas Tomo 3 : cultivos fruticolas Explotacion agraria14aAGRICULTURA14aDESARROLLO AGRICOLA14aMECANICA AGRICOLA14aTECNOLOGIA AGRICOLA